Use of medicinal plants as alternative to synthetic medicine. (Record no. 96431)
[ view plain ]
| 000 -LEADER | |
|---|---|
| fixed length control field | 00318nam a2200109 a 4500 |
| 005 - DATE AND TIME OF LATEST TRANSACTION | |
| control field | 20140408090031.0 |
| 008 - FIXED-LENGTH DATA ELEMENTS--GENERAL INFORMATION | |
| fixed length control field | 021129s19uu xx 00 eng d |
| 050 ## - LIBRARY OF CONGRESS CALL NUMBER | |
| Classification number | PGS '98 |
| Item number | AQU #2 |
| 100 ## - MAIN ENTRY--PERSONAL NAME | |
| Personal name | Aquino, Timothy Jorelle "Jaga" B. |
| 245 ## - TITLE STATEMENT | |
| Title | Use of medicinal plants as alternative to synthetic medicine. |
| 942 ## - ADDED ENTRY ELEMENTS (KOHA) | |
| Koha item type | PASS |
| Withdrawn status | Lost status | Damaged status | Home library | Current library | Shelving location | Date acquired | Source of acquisition | Total Checkouts | Full call number | Barcode | Date last seen | Price effective from | Koha item type |
|---|---|---|---|---|---|---|---|---|---|---|---|---|---|
| Luxembourg Library | Luxembourg Library | Portfolio Assessment of SISC Students Section | 11/29/2002 | PGS '98 AQU #2 | P0390 | 04/08/2014 | 04/08/2014 | PASS |